| 000 | 00627nam a22002177a 4500 | ||
|---|---|---|---|
| 999 |
_c3191 _d3191 |
||
| 001 | 4116 | ||
| 003 | BD-DhUAP | ||
| 005 | 20200302151655.0 | ||
| 008 | 200302s1987 enka|||| |||| 00| 0 eng d | ||
| 020 | _a0856709123 | ||
| 040 |
_aBD-DhUAP _bEng _cBD-DhUAP _dBD-DhUAP |
||
| 082 |
_223 _a709.41 TWE |
||
| 245 |
_a20th-century British art / _cJohn Russell Taylor ...[et al.]. |
||
| 260 |
_aLondon : _bAcademy Group, _c1987. |
||
| 300 |
_a80 pages : _billustrations ; _c28 cm. |
||
| 490 | _aArt and design profiles ;1. | ||
| 650 | _aArt, British. | ||
| 650 | _aArt, Modern. | ||
| 700 | _aTaylor, John Russell. | ||
| 942 |
_2ddc _cBK |
||